Drapeaux difficultés extrêmes - Statistiques

Statistiques générales
  • Ce quiz a été pris 215 fois
  • Le résultat moyen est 6 sur 16
Statistiques - réponses
Par images Réponse % Correct
Eswatini
95%
Bahamas
92%
Kiribati
92%
France
45%
Jersey
45%
Afrique du Sud
42%
Iran
40%
Ethiopie
37%
Grece
27%
Ecosse
25%
Autriche
22%
Russie
20%
Siam
20%
Bénin
9%
Mali
9%
Kongo
5%
Aucun quiz correspondant
Distribution des résultats
% des personnes avec chaque résultat
Percentile par nombre de réponses
Votre historique - résultats
Vous n’avez pas pris ce quiz